[Event "Liga Madrileña - DH 2011-2012"]
[Site "Madrid ESP"]
[Date "2012.03.11"]
[Round "14.45"]
[White "Lopez de Turiso, Jose Angel"]
[Black "Gongora Montes, Benjamin"]
[Result "0-1"]
[WhiteElo "2065"]
[BlackElo "2217"]
[PlyCount "106"]
[EventDate "2011.11.13"]
[EventType "team"]
[EventRounds "14"]
[EventCountry "ESP"]
[Source "lmi"]
[SourceDate "2011.11.13"]
[WhiteTeam "Leganes"]
[BlackTeam "64 Villalba"]
[WhiteTeamCountry "ESP"]
[BlackTeamCountry "ESP"]

1. d4 Nf6 2. c4 e6 3. Bg5 h6 4. Bh4 g5 5. Bg3 Ne4 6. Nd2 Nxg3 7. hxg3 Bg7 8. e3
c5 9. Nb3 cxd4 10. Nxd4 Nc6 11. Ngf3 g4 12. Nxc6 bxc6 13. Nd4 Qa5+ 14. Qd2
Qxd2+ 15. Kxd2 Rb8 16. Rb1 Ke7 17. c5 a5 18. b3 Ra8 19. a3 Ba6 20. Bxa6 Rxa6
21. Kd3 f5 22. Kc4 Rb8 23. Rbe1 Rf8 24. Rh5 Ra7 25. Re2 Rb7 26. Ra2 Rfb8 27.
Rb2 Kf7 28. Rh1 Kg6 29. Rd1 Bf6 30. b4 axb4 31. Rxb4 Rxb4+ 32. axb4 Ra8 33. Kb3
Kf7 34. Nc2 Ke7 35. Na3 Ra7 36. Nc4 Ra1 37. Rd2 Rb1+ 38. Ka2 Rxb4 39. Nb6 d5
40. Ka3 Rb5 41. Na4 Kf7 42. Rd1 Be7 43. Rc1 e5 44. Rc2 Ke6 45. Rc1 Bf8 46. f3
d4 47. exd4 exd4 48. Rd1 Bxc5+ 49. Nxc5+ Rxc5 50. fxg4 Rc3+ 51. Kb2 c5 52. Rh1
fxg4 53. Rxh6+ Kd5 0-1

[Event "Liga Madrileña - DH 2011-2012"]
[Site "Madrid ESP"]
[Date "2012.03.11"]
[Round "14.46"]
[White "Bermejo Arruego, Luis"]
[Black "Nunez Gutierrez, Juan Carlos"]
[Result "1-0"]
[WhiteElo "2171"]
[BlackElo "2049"]
[PlyCount "63"]
[EventDate "2011.11.13"]
[EventType "team"]
[EventRounds "14"]
[EventCountry "ESP"]
[Source "lmi"]
[SourceDate "2011.11.13"]
[WhiteTeam "64 Villalba"]
[BlackTeam "Leganes"]
[WhiteTeamCountry "ESP"]
[BlackTeamCountry "ESP"]

1. e4 e5 2. Nf3 Nf6 3. Nc3 Nc6 4. d4 exd4 5. Nxd4 d6 6. Bb5 Bd7 7. O-O Be7 8.
Re1 O-O 9. Nxc6 bxc6 10. Bd3 Ng4 11. Be2 Ne5 12. f4 Ng6 13. Be3 Bf6 14. Qd2 Re8
15. Bf3 Nh4 16. Qf2 Nxf3+ 17. Qxf3 Qb8 18. Rab1 a5 19. a3 Re7 20. e5 dxe5 21.
Ne4 Qb5 22. f5 Kh8 23. Nxf6 gxf6 24. Qh5 c5 25. Bf2 Rg8 26. Bh4 Qc6 27. Re2 Kg7
28. Rd1 Bc8 29. Re3 Rd7 30. Rxd7 Bxd7 31. Rg3+ Kh8 32. Qxf7 1-0